1993: NFL Teams with the Most Points - Statistics

General Stats
  • This quiz has been taken 12 times
  • The average score is 8 of 10
Answer Stats
Number of points NFL Team % Correct
473 San Francisco 49ers
100%
385 Green Bay Packers
91%
329 Buffalo Bills
82%
376 Dallas Cowboys
82%
373 Denver Broncos
82%
368 Houston Oilers
82%
349 Miami Dolphins
82%
322 San Diego Chargers
73%
328 Kansas City Chiefs
64%
326 Phoenix Cardinals
55%
No matching quizzes found
Score Distribution
Percent of People with Each Score
Percentile by Number Answered
Your Score History
You have not taken this quiz